Millennium film journal

Bibliographic Details
Format: Electronic Journal
Language:English
Published: New York, N.Y. : Millennium Film Workshop
Subjects:
Online Access:Full text available from Research Library: 01/01/2003 to present

MARC

LEADER 00000nas a2200000 a 4500
001 ssj0034704
003 WaSeSS
005 20200512172242.0
006 m d
007 cr n
008 780331c19789999nyufr p s 0 a0eng c
010 |a sn 83010986  
016 7 |a 015205738  |2 DE-101 
016 7 |a 981188-6  |2 DE-600 
016 7 |a 005490262  |2 Uk 
022 |l 1064-5586  |y 1064-5586 
035 |a (WaSeSS)ssj0034704 
037 |b Millennium Film Journal, 66 East 4th Street, New York, N.Y. 10003 
040 |a PIT  |b eng  |c PIT  |d OCL  |d NST  |d IUL  |d NST  |d OCL  |d DLC  |d NST  |d NSD  |d CUS  |d HLS  |d OCL  |d OCLCQ  |d CUS  |d NSD  |d DLC  |d OCLCQ  |d HEBIS  |d DEBBG  |d GBVCP  |d OCLCQ  |d OCLCF  |d ORU  |d HUL  |d AVA  |d OCLCO  |d CSA  |d UKMGB  |d OCLCQ  |d U3G  |d CLART  |d OCLCQ  |d OCLCO  |d WaSeSS 
042 |a pcc  |a nsdp 
050 0 0 |a PN1993  |b .M3279 
082 1 0 |a 791  |2 12 
210 0 |a Millenn. film j. 
222 0 |a Millennium film journal 
245 0 0 |a Millennium film journal  |h [electronic resource]. 
246 1 3 |a MFJ 
260 |a New York, N.Y. :  |b Millennium Film Workshop 
310 |a 2 no. a year,  |b spring 1995- 
321 |a Three no. a year,  |b -winter 1993-94 
362 1 |a Began with winter 1977/78 issue. 
500 |a Selected articles and author index are available on the World Wide Web. 
506 |a License restrictions may limit access. 
515 |a Issues for winter 1977/78 and spring/summer 1978 called also v. 1, no. 1-2. 
588 0 |a No. 12 (fall/winter 1982-1983). 
588 1 |a No. 60 (fall 2014). 
650 0 |a Motion pictures  |v Periodicals. 
650 0 |a Experimental films  |v Periodicals. 
650 7 |a Experimental films.  |2 fast  |0 (OCoLC)fst00918452 
650 7 |a Motion pictures.  |2 fast  |0 (OCoLC)fst01027285 
650 7 |a Filmkritik  |2 gnd 
655 0 |a Electronic journals. 
850 |a AU  |a CSt  |a CU-SB  |a CaBVaS  |a CaBVaU  |a CaOLU  |a DLC  |a IEN  |a INS  |a IU  |a IaAS  |a IaU  |a InU  |a MdU  |a NBC  |a NN  |a NRU  |a NSyU  |a NhD  |a NjR  |a OU  |a OrU  |a PU  |a UPB  |a VtU 
856 4 0 |z Full text available from Research Library: 01/01/2003 to present  |u https://search.proquest.com/publication/46091